[Event "45th Olympiad Budapest 2024"]
[Site "Budapest"]
[Date "2024.09.19"]
[Round "8"]
[Board "4"]
[White "Palma Villanueva, Miguel Tadeo"]
[Black "Bengherabi, Khalil"]
[Result "0-1"]
[WhiteElo "2266"]
[BlackElo "2076"]
[PlyCount "72"]
[EventDate "2024.09.11"]
[EventType "team-tourn"]
[EventRounds "11"]
[EventCountry "HUN"]
[WhiteTeam "Mexico"]
[BlackTeam "Algeria"]
[WhiteTeamCountry "MEX"]
[BlackTeamCountry "ALG"]

1. e4 c5 2. Nf3 d6 3. Bb5+ Bd7 4. Bxd7+ Qxd7 5. O-O Nc6 6. c3 Nf6 7. Re1 g6 8. d4 cxd4 9. cxd4 Bg7 10. Nc3 O-O 11. h3 d5 ({RR} 11... Rac8 12. Bg5 h6 13. Be3 a6 14. Qd2 Kh7 15. Rad1 b5 16. Qd3 Nb4 17. Qb1 Ng8 18. d5 a5 19. Nd4 Rb8 20. a3 Na6 21. Nc6 b4 22. axb4 axb4 23. Nxb8 Rxb8 24. Ne2 Nf6 25. Nd4 Rb7 26. Nb3 {1-0 Perez Mitjans,O (2483)-Lorenzo de la Riva,L (2423) Catalunya-ch 2013 (3.4)}) 12. e5 Ne8 ({RR} 12... Ne4 13. Nxe4 dxe4 14. Rxe4 Rfd8 15. Bf4 Qd5 16. Qe2 Rac8 17. Rd1 Qxa2 18. Re3 Qd5 19. Rc3 Nb4 20. Rdc1 Rxc3 21. Rxc3 Nc6 22. Be3 h6 23. Rc5 Qb3 24. Qb5 Qxb5 25. Rxb5 b6 26. Kf1 e6 27. Rb3 {0-1 Muminova,N (2274)-Vaishali,R (2454) Titled Tue 22nd Nov Early 2022 (5)}) 13. Bf4 Nc7 14. Qd2 $146 ({RR} 14. Qd3 Ne6 15. Be3 a6 16. a3 Rfc8 17. Rac1 b5 18. b4 Rc7 19. Rc2 Rac8 20. Rec1 Kh8 21. Nd2 Nb8 22. Nb3 Kg8 23. Qe2 f5 24. exf6 Bxf6 25. Qd3 Ng7 26. Nxd5 Rxc2 27. Nxf6+ exf6 28. Rxc2 Rxc2 {1-0 Chen,M (1974)-Huang,Y (1448) CAN-ch U10 Sault Ste Marie 2017 (7.82)}) 14... Ne6 15. Rad1 Na5 16. b3 Rfc8 17. Ne2 b6 18. Bh6 Nc6 19. h4 Rc7 20. Bxg7 Kxg7 21. h5 Rac8 22. Kh2 Ncd8 23. Rh1 Rc2 24. Qe3 Qb5 25. Rde1 Kf8 26. a4 Qb4 27. Qh6+ Ke8 28. Qxh7 gxh5 29. Qxh5 Qxb3 30. Ng5 Nxg5 31. Qxg5 Ne6 32. Qg4 Kd7 33. Kg1 Qb4 34. Kf1 Rb2 35. g3 Rcc2 36. Qf3 Qxe1+ 0-1

[Event "45th Olympiad Budapest 2024"]
[Site "Budapest"]
[Date "2024.09.19"]
[Round "8"]
[Board "1"]
[White "Mandizha, Farai"]
[Black "Ferreira, Jorge Viterbo"]
[Result "0-1"]
[WhiteElo "2371"]
[BlackElo "2535"]
[PlyCount "102"]
[EventDate "2024.09.11"]
[EventType "team-tourn"]
[EventRounds "11"]
[EventCountry "HUN"]
[WhiteTeam "Zimbabwe"]
[BlackTeam "Portugal"]
[WhiteTeamCountry "ZIM"]
[BlackTeamCountry "POR"]

1. d4 Nf6 2. c4 e6 3. Nf3 Bb4+ 4. Nbd2 b6 5. a3 Bxd2+ 6. Qxd2 Bb7 7. e3 O-O 8. Be2 a5 ({RR} 8... d5 9. O-O c5 10. cxd5 Bxd5 11. dxc5 bxc5 12. Qc2 Nbd7 13. Nd2 a5 14. a4 Qc7 15. b3 Ne5 16. Bb2 Nfd7 17. Qc3 f6 18. Rfd1 Rfc8 19. Rac1 Kh8 20. e4 Bb7 21. Qg3 h6 22. Bc4 Nxc4 23. Nxc4 {½-½ Hammer,J (2682)-Meier,G (2654) EU-chT (Men) 20th 2015 (8.2)}) 9. b3 d6 10. Bb2 Nbd7 11. Qc2 $146 ({RR} 11. O-O Ne4 12. Qc2 f5 13. d5 e5 14. Rad1 Qf6 15. Ne1 Qh6 16. Bc1 Qg6 17. f3 Nef6 18. Nd3 Nc5 19. Nf2 e4 20. f4 h5 21. Nh3 Nh7 22. b4 axb4 23. axb4 Nd7 24. Bb2 Ndf6 25. Qb3 Ng4 {1-0 Mchedlishvili,M (2633)-Romanishin,O (2494) Porto San Giorgio op 24th 2013 (4)}) ({RR} 11. O-O Ne4 12. Qc2 f5 13. d5 e5 14. Ne1 Qg5 15. f4 exf4 16. exf4 Qh6 17. Nf3 Ndf6 18. Nd4 Bc8 19. Nb5 Rf7 20. Rae1 Ba6 21. Nd4 Bc8 22. Bd3 Bd7 23. Nxf5 Bxf5 24. Bxf6 Qxf6 25. Bxe4 a4 {½-½ Gharibyan,M (2499)-Obgolts,E (2420) Aeroflot Open A 2024 (9.25)}) ({RR} 11. O-O Ne4 12. Qc2 f5 13. d5 e5 14. Nd2 Nxd2 15. Qxd2 Nc5 16. Qc2 Qe8 17. f3 Bc8 18. b4 Na4 19. Bc1 Bd7 20. Bd2 h6 21. Kh1 Qg6 22. Rg1 e4 23. f4 Kh7 24. Rab1 Rfb8 25. h3 Qg3 {1-0 Kavutskiy,K (2417)-Rodriguez,S (2251) Titled Tuesday intern op 4th June blitz 2019 (7)}) ({RR} 11. O-O Ne4 12. Qc2 f5 13. d5 e5 14. Nd2 Nxd2 15. Qxd2 Qh4 16. f3 Rf6 17. Qe1 Qh6 18. Qc3 Qh4 19. Qe1 Qh6 20. Qc3 Qh4 21. Qe1 {½-½ Khoroshev,N (2318)-Megaranto,S (2528) Agzamov Memorial 06th 2012 (3)}) 11... Be4 12. Qc3 Bb7 13. Qc2 Ne4 14. Bd3 f5 15. O-O-O c5 16. a4 b5 17. cxb5 Rc8 18. d5 exd5 19. Kb1 Qe7 20. Rhf1 Nb6 21. Ka1 c4 22. Be2 Nc5 23. Nd4 cxb3 24. Qb1 Ncxa4 25. Nxb3 Nxb2 26. Qxb2 Na4 27. Qd2 Rc3 28. Qa2 Nc5 29. Nd4 Rc8 30. Qb2 Na4 31. Qa2 Nc5 32. Qb2 Ne6 33. Nc6 Qf6 34. Bf3 Bxc6 35. bxc6 R8xc6 36. Bxd5 Rb6 37. Bxe6+ Kf8 38. Rd4 Rxb2 39. Kxb2 Rd3 40. Ba2 Rxd4 41. exd4 Qxd4+ 42. Kc2 Qe4+ 43. Kd2 Qxg2 44. Bc4 Qxh2 45. Kd3 Qf4 46. f3 h5 47. Bd5 Qe5 48. Bb3 f4 49. Bc4 d5 50. Bb5 Qe3+ 51. Kc2 Qc5+ 0-1

[Event "45th Olympiad Budapest 2024"]
[Site "Budapest"]
[Date "2024.09.19"]
[Round "8"]
[Board "2"]
[White "Galego, Luis"]
[Black "Makoto, Rodwell"]
[Result "1/2-1/2"]
[WhiteElo "2444"]
[BlackElo "2311"]
[PlyCount "80"]
[EventDate "2024.09.11"]
[EventType "team-tourn"]
[EventRounds "11"]
[EventCountry "HUN"]
[WhiteTeam "Portugal"]
[BlackTeam "Zimbabwe"]
[WhiteTeamCountry "POR"]
[BlackTeamCountry "ZIM"]

1. e4 e5 2. Nf3 Nc6 3. Bb5 a6 4. Ba4 Nf6 5. O-O Be7 6. Bxc6 dxc6 7. Qe1 Nd7 8. Nc3 ({RR} 8. b3 c5 9. Nc3 Bd6 10. Nd5 Nb8 11. a4 Nc6 12. Ba3 Be6 13. Ne3 Nd4 14. Nxd4 cxd4 15. Nc4 Bxa3 16. Rxa3 Qg5 17. f3 O-O 18. Qg3 Qxg3 19. hxg3 f6 20. a5 Rfe8 21. d3 Re7 22. f4 Bxc4 {1-0 Timman,J (2630)-Gabriel,C (2531) Bundesliga 0506 2005 (4.5)}) ({RR} 8. b3 Bd6 9. Bb2 f6 10. d3 Nf8 11. Nbd2 Ne6 12. Nc4 O-O 13. Ne3 Qe7 14. h3 Ba3 15. Bxa3 Qxa3 16. Nf5 Rd8 17. Nh2 Qc5 18. Kh1 Nd4 19. Qd1 Nxf5 20. exf5 Bxf5 21. Qh5 Bg6 22. Qg4 Qxc2 {0-1 Batista,R (2174)-Mazibuko,K (1913) Titled Tue 3rd Jan Late 2023 (6)}) 8... c5 9. d3 f6 10. Nd5 $146 ({RR} 10. Nh4 g6 11. Nd5 f5 12. Nxe7 Qxe7 13. f4 fxe4 14. fxe5 Qxe5 15. Bh6 Nb6 16. Rf4 Bf5 17. Nxf5 gxf5 18. Qh4 Kd7 19. Qh3 Kc6 20. Rxf5 Qxb2 21. Raf1 Rae8 22. Be3 Re5 23. Rxe5 Qxe5 24. Rf5 Qa1+ {½-½ Pedersen,O (2097)-Dworakowski,L (2334) Arctic Chess Challenge 2007 (9)}) 10... Bd6 11. Nh4 O-O 12. Nf5 Rf7 13. f4 exf4 14. Nxd6 cxd6 15. Bxf4 Ne5 16. b4 Be6 17. bxc5 dxc5 18. Bxe5 fxe5 19. Rxf7 Bxf7 20. c4 b5 21. Qc3 Qd6 22. Qa5 Bxd5 23. exd5 Rf8 24. h3 h6 25. Re1 Qf6 26. Qd2 bxc4 27. dxc4 Qf4 28. Qxf4 Rxf4 29. Rxe5 Rxc4 30. d6 Rd4 31. Rxc5 Rxd6 32. Ra5 Rf6 33. h4 g6 34. Kh2 Kg7 35. g4 Rc6 36. Kg3 Rc3+ 37. Kf4 Rc4+ 38. Kf3 Rc3+ 39. Kf4 Rc4+ 40. Kf3 Rc3+ 1/2-1/2

[Event "45th Olympiad Budapest 2024"]
[Site "Budapest"]
[Date "2024.09.19"]
[Round "8"]
[Board "3"]
[White "Mwadzura, Roy"]
[Black "Sousa, Andre Ventura"]
[Result "0-1"]
[WhiteElo "2229"]
[BlackElo "2403"]
[PlyCount "116"]
[EventDate "2024.09.11"]
[EventType "team-tourn"]
[EventRounds "11"]
[EventCountry "HUN"]
[WhiteTeam "Zimbabwe"]
[BlackTeam "Portugal"]
[WhiteTeamCountry "ZIM"]
[BlackTeamCountry "POR"]

1. e4 c5 2. Nf3 d6 3. d4 cxd4 4. Nxd4 Nf6 5. Nc3 a6 6. Be2 e5 7. Nf3 Be7 8. O-O O-O 9. Bg5 Nbd7 10. a4 h6 11. Be3 ({RR} 11. Bh4 b6 12. Bc4 Bb7 13. Qe2 Qc7 14. Rfd1 Rfc8 15. Nd2 g5 16. Bg3 Nf8 17. f3 Ng6 18. Bb3 Nf4 19. Qc4 d5 20. Qxc7 Rxc7 21. exd5 Bc5+ 22. Kh1 N6xd5 23. Nxd5 Nxd5 24. Nc4 Re8 25. Nxe5 Nf4 {½-½ Kulaots,K (2547)-Hillarp Persson,T (2568) DEN-chT 0708 2007 (4.1)}) ({RR} 11. Bxf6 Nxf6 12. Bc4 Be6 13. Qe2 Rc8 14. Nd5 Nxd5 15. Bxd5 Bxd5 16. exd5 f5 17. a5 Qc7 18. Rfc1 Qc4 19. Qxc4 Rxc4 20. c3 Rfc8 21. Nd2 R4c5 22. c4 Bg5 23. b4 R5c7 24. Rc2 Bxd2 25. Rxd2 Rxc4 {0-1 Marques Junior,M (1818)-Contin,D (2203) 10th Floripa Open 2024 (8.65)}) 11... Ng4 12. Bc1 Nc5 $146 ({RR} 12... Ngf6 13. Nd2 Nc5 14. Bf3 Qc7 15. Re1 Be6 16. Nf1 Rac8 17. Ne3 Rfd8 18. Bd2 Qb8 19. a5 Bf8 20. Qe2 g6 21. b4 Ncd7 22. Na4 Qa7 23. Rec1 Rc7 24. c4 Rdc8 25. Nb2 Qd4 26. Bc3 Qa7 27. Rd1 {1-0 Ganerdene,S (2427)-Tsvetkov,A (2350) Moscow Aeroflot op-B 2020 (9)}) 13. Bc4 Nf6 14. Qe2 Be6 15. Rd1 Qc7 16. Nd5 Nxd5 17. Bxd5 Bxd5 18. Rxd5 Qc6 19. b3 f5 20. Nd2 Nxe4 21. Qc4 Nxd2 22. Qxc6 Nf3+ 23. gxf3 bxc6 24. Rd1 d5 25. Bb2 Bf6 26. Kg2 Kf7 27. Ba3 Rfd8 28. Re1 g5 29. h3 Ke6 30. Rad1 Rab8 31. Kf1 f4 32. Re2 Kf5 33. Rde1 d4 34. Be7 Rd5 35. Bxf6 Kxf6 36. Rd2 Rc5 37. Ke2 Rc3 38. Rh1 h5 39. Ra1 Rh8 40. Rg1 c5 41. Rh1 Rc8 42. Ra1 a5 43. Rb1 Kf5 44. Rb2 c4 45. Rd1 Rb8 46. Rdb1 cxb3 47. cxb3 Rb4 48. h4 gxh4 49. Rh1 Rbxb3 50. Rxb3 Rxb3 51. Rxh4 Kg5 52. Rh1 Ra3 53. Rg1+ Kf5 54. Rh1 Rxa4 55. Rxh5+ Ke6 56. Rh8 Ra2+ 57. Kd3 Rxf2 58. Re8+ Kd6 0-1

[Event "45th Olympiad Budapest 2024"]
[Site "Budapest"]
[Date "2024.09.19"]
[Round "8"]
[Board "4"]
[White "Barria Santos, Jose Guilherme"]
[Black "Mapuranga, Vitalis"]
[Result "1-0"]
[WhiteElo "2411"]
[BlackElo "2013"]
[PlyCount "111"]
[EventDate "2024.09.11"]
[EventType "team-tourn"]
[EventRounds "11"]
[EventCountry "HUN"]
[WhiteTeam "Portugal"]
[BlackTeam "Zimbabwe"]
[WhiteTeamCountry "POR"]
[BlackTeamCountry "ZIM"]

1. e4 c6 2. Nc3 d5 3. Nf3 Bg4 4. h3 Bxf3 5. Qxf3 e6 6. Be2 Nf6 7. O-O Nbd7 8. exd5 ({RR} 8. d4 dxe4 9. Nxe4 Nxe4 10. Qxe4 Nf6 11. Qd3 Be7 12. Rd1 O-O 13. a4 a5 14. c3 Nd5 15. Qg3 g6 16. Bd3 Bh4 17. Qg4 h5 18. Qe4 Bg5 19. f4 Bf6 20. Rf1 h4 21. Bd2 Ne7 22. Rad1 Qd5 {½-½ Andreikin,D (2723)-Rublevsky,S (2688) Novosibirsk Siberian Bank Cup rapid 2012 (9)}) 8... cxd5 ({RR} 8... exd5 9. Qg3 Qb8 10. Qxb8+ Rxb8 11. Re1 Be7 12. Bf3 Kd8 13. g3 Re8 14. Ne2 Kc7 15. d4 Bd6 16. Bf4 Bxf4 17. Nxf4 Rxe1+ 18. Rxe1 Re8 19. Rxe8 Nxe8 20. h4 Nd6 21. b3 Nf6 22. Be2 Nfe4 23. Kg2 {½-½ Reprintsev,A (2241)-Zhu,L (1980) Titled Tue 30th Apr Late 2024 (10)}) 9. Qg3 Rc8 $146 ({RR} 9... Qb8 10. Qxb8+ Rxb8 11. d4 Rc8 12. Bf4 a6 13. Bd3 Nb6 14. Nd1 Nc4 15. a4 Be7 16. a5 O-O 17. Ra2 Rc6 18. Re1 Rfc8 19. Ne3 Nd6 20. c3 g6 {½-½ Mrva,M (2471)-Antoniewski,R (2604) SVK-chT 1011 2010 (2.1)}) 10. d4 Qb6 11. Bd3 a6 12. Ne2 g6 13. c3 Bg7 14. a4 O-O 15. a5 Qd8 16. Bg5 h6 17. Bd2 Re8 18. Qh4 Ne4 19. Qxd8 Rexd8 20. Be3 f5 21. f3 Nd6 22. Nf4 Kf7 23. Rfe1 Re8 24. Bc2 g5 25. Nh5 Bh8 26. f4 Rg8 27. fxg5 hxg5 28. g4 Nf6 29. Nxf6 Bxf6 30. Kg2 f4 31. Bf2 Rc7 32. Re2 Rh8 33. Rae1 Re7 34. Bd3 Rc8 35. Kf3 Nc4 36. h4 Nxa5 37. hxg5 Bxg5 38. Re5 Bf6 39. Rh5 Nc4 40. g5 Bg7 41. g6+ Kf8 42. Re2 e5 43. Bxc4 dxc4 44. dxe5 Re6 45. Kxf4 Rxg6 46. Kf5 Rcc6 47. Rd2 Ke8 48. Bh4 Kf7 49. Rd7+ Kg8 50. Rg5 Rxg5+ 51. Bxg5 Rc5 52. Kg6 Rc6+ 53. Bf6 Bxf6 54. exf6 Rc8 55. Rg7+ Kh8 56. Rh7+ 1-0

[Event "45th Olympiad Budapest 2024"]
[Site "Budapest"]
[Date "2024.09.19"]
[Round "8"]
[Board "1"]
[White "Kantor, Gergely"]
[Black "Miguel, Sergio"]
[Result "1/2-1/2"]
[WhiteElo "2537"]
[BlackElo "2241"]
[PlyCount "142"]
[EventDate "2024.09.11"]
[EventType "team-tourn"]
[EventRounds "11"]
[EventCountry "HUN"]
[WhiteTeam "Hungary C"]
[BlackTeam "Angola"]
[BlackTeamCountry "ANG"]

1. e4 e5 2. Nf3 Nc6 3. Bc4 Nf6 4. d3 Bc5 5. c3 d6 6. Bg5 h6 7. Bh4 a6 8. O-O Ba7 9. Nbd2 Na5 10. Bd5 c6 11. Bxf7+ Kxf7 12. b4 Be6 $146 ({RR} 12... b5 13. bxa5 Qxa5 14. d4 Re8 15. dxe5 dxe5 16. Bxf6 Kxf6 17. Nh4 g6 18. Qf3+ Kg7 19. Qg3 Re6 20. Ndf3 Qc7 21. Rad1 Kh7 22. Rd3 Bb6 23. Rfd1 Qg7 24. h3 Bc7 25. Nh2 Re7 26. Qe3 Qf6 27. N4f3 {1-0 Kuipers,S (2472)-Buckels,V (2412) NED-chT 1819 2018 (7.3)}) 13. Bxf6 gxf6 14. Nh4 h5 15. Kh1 Ke8 16. f4 Kd7 17. fxe5 fxe5 18. Ng6 Rh7 19. Nf8+ Qxf8 20. Rxf8 Rxf8 21. bxa5 Rf2 22. Rb1 Kc8 23. Nc4 Bxc4 24. dxc4 Kc7 25. c5 Bxc5 26. Qb3 b5 27. axb6+ Kb7 28. Qg8 Rhf7 29. h4 R2f4 30. g3 Rf2 31. a4 a5 32. Qg6 R2f6 33. Qxh5 Rg7 34. Rb2 Rfg6 35. Rg2 Rxg3 36. Rxg3 Rxg3 37. Qf7+ Kxb6 38. h5 Rxc3 39. Kg2 Be3 40. Qf6 Kc5 41. Qh4 Rc4 42. Kf3 Bd2 43. h6 Bxh6 44. Qxh6 Rxa4 45. Qc1+ Kb6 46. Qg5 Rd4 47. Qd8+ Kb5 48. Qb8+ Ka4 49. Qe8 Kb5 50. Ke3 a4 51. Qd7 Kb6 52. Qd8+ Kb5 53. Qb8+ Kc4 54. Qa8 Kb3 55. Qb7+ Ka2 56. Qxc6 Kb3 57. Qb5+ Kc3 58. Qa5+ Kb3 59. Qb6+ Kc3 60. Qc6+ Kb3 61. Qb7+ Kc3 62. Qc7+ Kb3 63. Qb8+ Kc3 64. Qc7+ Kb3 65. Qf7+ Kb2 66. Qb7+ Kc3 67. Qc8+ Kb3 68. Qb8+ Kc3 69. Qa8 Kb3 70. Qg8+ Kb2 71. Qb8+ Kc3 1/2-1/2

[Event "45th Olympiad Budapest 2024"]
[Site "Budapest"]
[Date "2024.09.19"]
[Round "8"]
[Board "2"]
[White "Silva, David"]
[Black "Krstulovic, Alex"]
[Result "1-0"]
[WhiteElo "2363"]
[BlackElo "2452"]
[PlyCount "69"]
[EventDate "2024.09.11"]
[EventType "team-tourn"]
[EventRounds "11"]
[EventCountry "HUN"]
[WhiteTeam "Angola"]
[BlackTeam "Hungary C"]
[WhiteTeamCountry "ANG"]

1. e4 c6 2. Nf3 d5 3. exd5 cxd5 4. Ne5 a6 5. d4 Nc6 6. c3 Nxe5 7. dxe5 Bf5 8. Nd2 ({RR} 8. g4 Be4 9. f3 Bxb1 10. Rxb1 e6 11. Be3 Ne7 12. Be2 h5 13. f4 hxg4 14. Bxg4 Rc8 15. Qd3 g6 16. h3 Rc4 17. b3 Re4 18. Rd1 Nf5 19. Qxe4 dxe4 20. Rxd8+ Kxd8 21. Bb6+ Kd7 22. Kf2 Kc6 {0-1 McMahon,P (1862)-Southcott-Moyers,I (2100) 2nd Cambridge Int Open 2024 (6.39)}) 8... Qd7 9. Nf3 e6 10. Bd3 $146 ({RR} 10. Nd4 Bg6 11. h4 h5 12. Bd3 Bxd3 13. Qxd3 Bc5 14. Bg5 Ne7 15. Bxe7 Qxe7 16. O-O-O O-O-O 17. Kb1 Kb8 18. Rc1 Rd7 19. Qg3 g6 20. Qg5 Qf8 21. Qf4 Qd8 22. f3 Bf8 23. g4 hxg4 24. fxg4 Rxh4 {½-½ Padurean,D (2126)-Srbis,J (2451) Arad op 15th 2022 (6)}) 10... Ne7 11. O-O Rc8 12. Nd4 Bxd3 13. Qxd3 Nc6 14. Qg3 g6 15. Bg5 Bg7 16. Nf3 Qc7 17. Rfe1 Ne7 18. Qh3 h6 19. Bf6 Kf8 20. Nd4 Nc6 21. Rad1 Nxe5 22. Bxg7+ Kxg7 23. Qh4 Rhe8 24. Re3 Nc4 25. Rh3 h5 26. Re1 Qd8 27. Qg3 Qd6 28. Qg5 Qd8 29. Qg3 Qd6 30. Qg5 Nxb2 31. g4 Qd8 32. Qc1 e5 33. Rxh5 Qf6 34. Qh6+ Kg8 35. Nf5 1-0

[Event "45th Olympiad Budapest 2024"]
[Site "Budapest"]
[Date "2024.09.19"]
[Round "8"]
[Board "3"]
[White "Karacsonyi, Gellert"]
[Black "Junior, Domingos"]
[Result "1/2-1/2"]
[WhiteElo "2403"]
[BlackElo "2183"]
[PlyCount "103"]
[EventDate "2024.09.11"]
[EventType "team-tourn"]
[EventRounds "11"]
[EventCountry "HUN"]
[WhiteTeam "Hungary C"]
[BlackTeam "Angola"]
[BlackTeamCountry "ANG"]

1. e4 c6 2. d4 d5 3. Nc3 dxe4 4. Nxe4 Nf6 5. Nxf6+ exf6 6. c3 Bf5 7. Ne2 Bd6 8. Ng3 Bg6 9. Qe2+ Qe7 10. Qxe7+ Kxe7 11. f4 Re8 ({RR} 11... Nd7 12. Kf2 Rhe8 13. h4 h6 14. h5 Bc2 15. Be3 f5 16. Rc1 Be4 17. Nxe4 fxe4 18. Be2 f5 19. c4 Nf8 20. g3 Ne6 21. Rhd1 Rf8 22. c5 Bc7 23. d5 cxd5 24. Rxd5 Rad8 25. Rcd1 Kf6 26. Bc4 {1-0 Kurmann,O (2421)-Junior,D (2183) 45th Olympiad 2024 (2.38)}) 12. Kf2 $146 ({RR} 12. Be2 Kf8 13. O-O h6 14. Bd2 Be4 15. Nxe4 Rxe4 16. Bd3 Re8 17. Rfe1 Nd7 18. c4 g6 19. g3 f5 20. Kf2 Nf6 21. Kf3 Re6 22. Bc3 Rae8 23. Rxe6 fxe6 24. a4 Kf7 25. c5 Be7 26. a5 a6 {½-½ Topola,R (1961)-Ullrich,K (1605) POL-ch U17 Qual 2021 (1)}) 12... Kf8 13. Kf3 Bc2 14. Be3 f5 15. Rc1 Be4+ 16. Nxe4 fxe4+ 17. Kf2 Nd7 18. c4 f5 19. Be2 Nf6 20. h3 h5 21. g3 Kf7 22. Rc3 Red8 23. b4 a5 24. bxa5 Rxa5 25. Rb3 Rxa2 26. Rxb7+ Rd7 27. Rhb1 Ke7 28. Kf1 Ra3 29. Kf2 Ra2 30. d5 c5 31. Rxd7+ Nxd7 32. Bc1 g6 33. Rb7 Kd8 34. Rb3 Rc2 35. Be3 Kc7 36. Ke1 Nb6 37. Kd1 Ra2 38. Bc1 Ra4 39. Rc3 Be7 40. Ra3 Bf6 41. g4 hxg4 42. hxg4 Rxa3 43. Bxa3 Bd4 44. gxf5 gxf5 45. Bc1 Nc8 46. Kc2 Nd6 47. Bd2 Kb6 48. Kb3 Ka6 49. Ka4 Bb2 50. Be3 Kb6 51. Kb3 Bd4 52. Bd2 1/2-1/2

[Event "45th Olympiad Budapest 2024"]
[Site "Budapest"]
[Date "2024.09.19"]
[Round "8"]
[Board "4"]
[White "Domingos, Catarino"]
[Black "Vanczak, Tamas"]
[Result "1/2-1/2"]
[WhiteElo "2229"]
[BlackElo "2401"]
[PlyCount "74"]
[EventDate "2024.09.11"]
[EventType "team-tourn"]
[EventRounds "11"]
[EventCountry "HUN"]
[WhiteTeam "Angola"]
[BlackTeam "Hungary C"]
[WhiteTeamCountry "ANG"]

1. Nf3 Nf6 2. g3 d5 3. Bg2 c6 4. c4 Bf5 5. Qb3 Qb6 6. O-O ({RR} 6. d4 e6 7. Nc3 h6 8. c5 Qc7 9. Bf4 Qc8 10. O-O Be7 11. Nd2 Nbd7 12. e4 dxe4 13. Ndxe4 Nxe4 14. Nxe4 Bxe4 15. Bxe4 O-O 16. Rad1 Rd8 17. h4 Nf6 18. Bb1 Rd5 19. a3 Qd7 20. Be5 Rd8 {1-0 Matamoros Franco,C (2498)-Flores,D (2599) Titled Tuesday intern op 4th Febr blitz 2020 (8)}) 6... Nbd7 ({RR} 6... Qxb3 7. axb3 e6 8. d3 Nbd7 9. cxd5 exd5 10. Bd2 Bc5 11. b4 Bb6 12. Bc3 O-O 13. Nbd2 Rfe8 14. Rfe1 Ng4 15. Bd4 h6 16. e4 dxe4 17. dxe4 Be6 18. h3 Nge5 19. Bxe5 Nxe5 20. Nxe5 Bxh3 21. Bxh3 {1-0 Povshednyi,I (2242)-Bilan,D (2303) Titled Tue 9th Jul Early 2024 (6)}) 7. d3 $146 ({RR} 7. Nc3 e6 8. d3 h6 9. Qxb6 axb6 10. cxd5 exd5 11. Nd4 Bg6 12. e4 Bc5 13. Nb3 dxe4 14. dxe4 O-O 15. Nxc5 Nxc5 16. Be3 Ncxe4 17. Nxe4 Bxe4 18. Bxe4 Nxe4 19. Bxb6 Ra4 20. a3 f5 21. Rad1 Nf6 {½-½ Kulagin,A (2200)-Ristovic,N (2315) Caorle op-A 1991 (1.29)}) ({RR} 7. d4 Qxb3 8. axb3 e6 9. Ne1 Nb6 10. c5 Nbd7 11. Nc3 e5 12. e3 Be7 13. b4 O-O 14. f3 Rfd8 15. e4 Be6 16. dxe5 Nxe5 17. f4 Nc4 18. b3 d4 19. f5 dxc3 20. fxe6 Ne5 21. Bf4 Ng6 {0-1 Webster,I (1808)-Moore,J (2112) Southend op London 2002 (3)}) ({RR} 7. d4 dxc4 8. Qxc4 e6 9. Nc3 Be7 10. Nh4 Bg4 11. e4 e5 12. Be3 exd4 13. Bxd4 Be6 14. Qa4 Bc5 15. Bxc5 Nxc5 16. Qc2 O-O 17. b3 Rad8 18. Rad1 Rxd1 19. Rxd1 Rd8 20. Rd2 g6 21. Nf3 Rxd2 {0-1 Koch,J (1983)-Costianosky,R (2248) Buenos Aires Szmetan Giardelli op 2018 (6)}) 7... e6 8. Be3 Qa6 9. cxd5 exd5 10. h3 Bc5 11. Bxc5 Nxc5 12. Qc3 Ncd7 13. Nh4 Be6 14. e4 dxe4 15. dxe4 O-O 16. Nd2 Rad8 17. Rfe1 Qb6 18. Rec1 Ne5 19. Rf1 Rd3 20. Qxe5 Rxd2 21. b3 Rfd8 22. Nf5 Bxf5 23. Qxf5 Qd4 24. e5 Nd5 25. e6 fxe6 26. Qxe6+ Kh8 27. Qf7 h6 28. Rae1 Nf6 29. Re7 Rg8 30. Rxb7 Rxa2 31. Bxc6 Rc2 32. Bg2 a5 33. Re7 Rc3 34. Kh2 Rc2 35. Kg1 Rc3 36. Kh2 Rc2 37. Kg1 Rc3 1/2-1/2

[Event "45th Olympiad Budapest 2024"]
[Site "Budapest"]
[Date "2024.09.19"]
[Round "8"]
[Board "1"]
[White "Mwali, Chitumbo"]
[Black "Keinanen, Toivo"]
[Result "0-1"]
[WhiteElo "2312"]
[BlackElo "2554"]
[PlyCount "39"]
[EventDate "2024.09.11"]
[EventType "team-tourn"]
[EventRounds "11"]
[EventCountry "HUN"]
[WhiteTeam "Zambia"]
[BlackTeam "Finland"]
[WhiteTeamCountry "ZAM"]
[BlackTeamCountry "FIN"]

1. Nf3 d5 2. c4 d4 3. g3 Nc6 4. Bg2 e5 5. d3 Bc5 6. O-O Nge7 7. Na3 O-O ({RR} 7... a5 8. Nc2 O-O 9. b3 Bg4 10. a3 Qd7 11. Rb1 Ng6 12. b4 Be7 13. b5 Nd8 14. Re1 Bh3 15. Bh1 Ne6 16. Nd2 Rab8 17. a4 f5 18. Nb3 b6 19. Bc6 Qc8 20. e3 dxe3 21. Nxe3 Bb4 22. Bd2 {0-1 Postny,E (2551)-Dardha,D (2612) Titled Tue 14th Feb Early 2023 (4)}) 8. Nc2 Ng6 9. a3 $146 ({RR} 9. Rb1 a5 10. a3 a4 11. b4 axb3 12. Rxb3 Re8 13. Rb5 Ra5 14. Rb1 Ra7 15. Nb4 Nce7 16. Nd2 c6 17. Ne4 Bb6 18. c5 Bc7 19. e3 Nf5 20. Nc2 dxe3 21. fxe3 Nh6 22. Nb4 Bg4 23. Qc2 Qd7 {0-1 Hoffman,A (2377)-Vazquez,F (2381) 94th ch-URU 2024 (7.5)}) 9... a5 10. Nd2 Be6 11. Rb1 a4 12. b4 axb3 13. Nxb3 Bd6 14. Nb4 Qd7 15. Qd2 Bh3 16. Bxh3 Qxh3 17. c5 Be7 18. Nd5 Rad8 19. Nxe7+ Ncxe7 20. Qc2 0-1

[Event "45th Olympiad Budapest 2024"]
[Site "Budapest"]
[Date "2024.09.19"]
[Round "8"]
[Board "2"]
[White "Sipila, Vilka"]
[Black "Kayonde, Andrew"]
[Result "1-0"]
[WhiteElo "2462"]
[BlackElo "2338"]
[PlyCount "125"]
[EventDate "2024.09.11"]
[EventType "team-tourn"]
[EventRounds "11"]
[EventCountry "HUN"]
[WhiteTeam "Finland"]
[BlackTeam "Zambia"]
[WhiteTeamCountry "FIN"]
[BlackTeamCountry "ZAM"]

1. e4 d5 2. exd5 Qxd5 3. Nc3 Qd8 4. d4 Nf6 5. Nf3 Bg4 6. h3 Bxf3 7. Qxf3 c6 8. Be3 e6 9. Bd3 Nbd7 10. O-O Bd6 11. Ne4 Nxe4 12. Qxe4 Nf6 13. Qh4 h6 14. c4 $146 ({RR} 14. f4 Nd5 15. Qf2 Nxe3 16. Qxe3 O-O 17. c4 Re8 18. Rad1 Rc8 19. Kh1 a6 20. a3 Qf6 21. b4 Bf8 22. Qe5 Qxe5 23. dxe5 c5 24. b5 axb5 25. cxb5 Ra8 26. Be4 Rxa3 27. Bxb7 c4 28. Bc6 Rb8 {½-½ Ulas,S (1824)-Yuksel,D (1558) Manavgat Turkey Cup 2015 (9)}) 14... Qe7 15. f4 Nd5 16. Qxe7+ Nxe7 17. f5 exf5 18. Bxf5 Nxf5 19. Rxf5 O-O 20. Kf1 Rfe8 21. Ke2 Rad8 22. Raf1 Rd7 23. g4 Rde7 24. R1f3 g6 25. Rf6 Rd7 26. Rf1 Rde7 27. R6f3 Bf4 28. Rxf4 Rxe3+ 29. Kd2 Re2+ 30. Kd1 R8e4 31. Rxf7 Re1+ 32. Kd2 Rxf1 33. Rxf1 Rxd4+ 34. Kc3 c5 35. b4 b6 36. bxc5 bxc5 37. Rf6 Kg7 38. Rc6 Rf4 39. Rxc5 Rf3+ 40. Kb4 Rxh3 41. Ra5 Rg3 42. Rxa7+ Kf6 43. Rh7 Rxg4 44. Rxh6 Rg2 45. a4 Ke5 46. Kb5 Rb2+ 47. Kc6 Rb4 48. Rxg6 Rxc4+ 49. Kb5 Rc1 50. a5 Kd5 51. Kb6 Rb1+ 52. Kc7 Rc1+ 53. Kb7 Rb1+ 54. Rb6 Rh1 55. Rc6 Rb1+ 56. Kc7 Rh1 57. a6 Rb1 58. Rh6 Ra1 59. Kb7 Kc5 60. a7 Rb1+ 61. Kc7 Ra1 62. Rh5+ Kc4 63. Kb6 1-0